000 00944nam a22002537a 4500
008 081203t xxu||||| |||| 00| 0 eng d
010 _aENG-91969
020 _a9788189901561
_c795.00
035 _aEN-75502
037 _bDBAD / PUB
040 _adpl
_bEnglish
082 _a613.2
100 _aLakra, Poonam
245 _aTextbook of nutrition & health /
_cby Poonam Lakra [and] Mansi Dass Singh
260 _aDelhi
_bAcademic Excellence
_c2008
270 _a42 Ekta Apartment, Geeta Colony,
_bDelhi
_e110031
300 _aviii, 310p.:
_c24cm (Hb)
_bill.
500 _aIncludues glossary and bibliographical references
650 _aNutrition.
650 _aHealth.
700 _aSingh, Mansi Dass
942 _2ddc
_cEN
_mLAK
_h613.2
999 _c19407
_d19407